| 000 | 00662nam a22002297r 4500 | ||
|---|---|---|---|
| 003 | 3228 | ||
| 005 | 20260604121503.0 | ||
| 008 | 260420b sa ||||e |||| 00| 1 AFR d | ||
| 020 | _a9781776359028 (paperback) | ||
| 040 |
_aMPL _beng _c3228 _erda |
||
| 041 | _aAfrikaans | ||
| 082 | 0 | _aAF VONW | |
| 100 |
_9199188 _aVon Wielligh, Lizelle _eauthor |
||
| 245 |
_aMelktert vir die hart / _cLizelle Von Wielligh |
||
| 250 | _aEerste uitgawe | ||
| 260 |
_aMidrand : _bRomanza , _c©2023, _c2023. |
||
| 300 |
_a189 pages : _c18 cm |
||
| 490 | _aRomanza Histories | ||
| 655 | 0 |
_9189056 _aAfrikaans Fiction |
|
| 655 | 0 |
_9188835 _aHistorical Romance |
|
| 942 |
_2ddc _cBK _y296 _zPhillipina Naude |
||
| 999 |
_c796879 _d796878 |
||